[Event "FIDE World Cup"]
[Site "Krasnaya Polyana"]
[Date "2021.08.03"]
[Round "7.4"]
[White "Carlsen, Magnus"]
[Black "Duda, Jan Krzysztof"]
[Result "0-1"]
[WhiteElo "2847"]
[BlackElo "2738"]
[Annotator "Sagar,Shah"]
[PlyCount "148"]
[EventDate "2021.07.12"]
[EventType "k.o."]
[EventRounds "8"]
[EventCountry "RUS"]
[SourceTitle "CBM 203 Extra"]
[Source "ChessBase"]
[SourceDate "2021.09.30"]
[SourceVersion "1"]
[SourceVersionDate "2021.09.30"]
[SourceQuality "1"]

{This was the Semi-Finals of the World Cup 2021. The first two games in the Classical segment had ended in draws. The first rapid game of 25+10 had also ended in a draw. This was the 2nd rapid game and Magnus having the white pieces was naturally quite ambitious.} 1. e4 c5 2. Nf3 d6 3. Bb5+ {This is a typical Carlsen move where he doesn't go into deep and sharp theoretical lines of the open Sicilian, rather with Bb5+ he is able to keep the game in positional territory and at the same time keep pressure on his opponent.} (3. d4) 3... Bd7 {Duda's main aim in the game as he explains on ChessBase India was to exchange as many pieces as he could and keep the game simple. A draw in this game was a good result for him.} 4. Bxd7+ Qxd7 5. O-O Nf6 6. Qe2 (6. Re1 {is the main move in the position. Qe2 is the second most popular.}) 6... Nc6 7. c3 e6 {A standard idea to meet d4 by White with cxd4 cxd4 and d5.} (7... e5 {is a move that you would like to play in order to stop d4. However, you cannot nip that move in the bud for long. White goes} 8. Rd1 $14 {and d4 is coming up.}) (7... O-O-O) 8. d4 cxd4 9. cxd4 d5 (9... e5 $2 {is a positional error because you want to place the pawns on the opposite colour of your bishop on f8 and not on the same colour.}) 10. e5 Ne4 (10... Ng8 {is also possible here. It seems like an undeveloping move, but the idea is to reroute the knight to f5 via e7.} 11. Nc3 Nge7 12. Be3 Nf5 $11) 11. Nbd2 Nxd2 12. Bxd2 Bb4 $5 {Following the strategy of exchanging pieces. This is an interesting moment in the game. On one hand Black has the better bishop because the central pawns are not on the same colour as the bishop here. On the other hand, Black is low on space and exchange of pieces is to his advantage.} (12... Be7 {Duda made an important point here. He said that a few years ago, this position would have been round about even or even slightly better for Black. But in recent years, space advantage has assumed more importance for the engines. The fact that Magnus Carlsen has played this opening in such an important game shows his trust in this position as White.}) 13. Bf4 (13. Bxb4 Nxb4 $11) ({RR} 13. Bxb4 Nxb4 14. a3 Nc6 15. Rac1 Rc8 16. Rc3 O-O 17. Rfc1 Ne7 18. h3 Rxc3 19. Rxc3 Rc8 20. Qc2 h6 21. Rxc8+ Qxc8 22. Qxc8+ Nxc8 {½-½ (22) Adly,A (2603)-Amin,B (2654) Abu Dhabi 2016}) 13... O-O 14. Qd3 ({RR} 14. h4 h6 15. a3 Be7 16. Bd2 a5 17. g3 a4 18. Rac1 Na5 19. Bxa5 Rxa5 20. Rc3 Qb5 21. Qc2 Ra6 22. Rc1 Rb6 23. Kg2 g6 24. Qd2 Kg7 25. Rc7 Bd8 26. Rc8 Be7 27. R8c7 Bd8 28. Rc8 Be7 {Bogdanov,A (2373)-Elmirzaev,K (2036) Vrnjacka Banja SRB 2025 ½-½}) 14... Be7 $146 {Getting ready to chop off the knight on g5 and also clearing the b4 square for the knight.} ({RR} 14... h6 15. h4 Rac8 16. g3 Be7 17. Kg2 a6 18. a3 Na5 19. Rad1 Qb5 20. Qd2 Nc4 21. Qe2 Qxb2 22. Qxb2 Nxb2 23. Rb1 Bxa3 24. Bc1 Nc4 25. Bxa3 Nxa3 26. Rxb7 a5 27. g4 Rb8 28. Ra7 Ra8 29. Rd7 {Erzhanov,A (2139)-Schnaider,I (2392) chess.com INT 2024 0-1 (41)}) 15. a3 (15. Ng5 Bxg5 16. Bxg5 Rac8 $11) 15... Rac8 16. g3 {Magnus's plan starts to become clear. He wants to play h4, Kg2, switch his rook to h1 and launch an attack on Black's king with Ng5 ideas. For Duda, the problem is that his position looks very nice on the surface, but he needs to come up with a concrete plan for activity.} Na5 17. b3 {Stopping Nc4.} Qc6 18. Bd2 {The knight on a5 is attacked and has to be defended.} Qb6 19. Rfb1 {This looks slightly uncomfortable, but moving your pawn to b4 is not a great idea as it gives up the c4 square and Rab1 loses the a3 pawn.} a6 {This is part of Duda's plan. As we will see, this move is useful to play Qb5 in future to dislodge the strong queen on d3.} 20. Kg2 Nc6 21. Re1 {Magnus realized that Duda wants to offer a queen trade with Qb5, that's the reason why cleared the b1 square.} (21. a4 {Trying to stop Qb5 gives up the b4 square.} Nb4 $15) 21... Qb5 $1 (21... f6 {is not a good move in the position. You shouldn't be touching your pawns on the kingside if not provoked.} 22. exf6 Rxf6 23. Ng5 $1 $18) (21... Na5 22. Red1 $5 Qxb3 (22... Nxb3 23. Rab1 $18) 23. Bxa5 $18) 22. Qb1 (22. Qxb5 axb5 $15 {is a very pleasant position for Black as the pawn on a3 is weak.}) 22... Rc7 23. h4 Rfc8 24. Ra2 (24. Ng5 Bxg5 25. hxg5 Nxd4 $19) (24. Be3 Na5 $17) (24. Rh1 {was possible.}) 24... a5 $5 {Duda tries to be slightly more ambitious here. If White goes a4, then Black gets the b4 square. Otherwise Black will go a4 and try to fix the weakness on a3 and get the c4 square for himself.} (24... Qb6 25. Rd1 $5 (25. Qd3 Qb5 26. Qb1 $11) 25... Nxd4 $2 26. Be3 $18) (24... Na5 $5 {was perhaps the strongest move in this position.} 25. Ng5 $5 (25. Re3 Nc4 $19) (25. Bxa5 Qxa5 $15) 25... g6 $13 (25... Bxg5 26. a4 (26. hxg5 Nxb3 $15) 26... Qb6 (26... Qxb3 27. Bxa5 $18) 27. hxg5 $16)) 25. Rh1 a4 26. b4 $6 (26. Ng5 $5 Bxg5 27. hxg5 g6 28. bxa4 Qxa4 29. Rh4 Nxd4 30. Be3 Rc4 31. Qxb7 $13) 26... h6 27. Be3 $2 {This move is akin to accepting an inferior position.} (27. g4 {This does look too risky, but White has to unleash himself on the kingside.}) 27... Na7 $1 {The knight is going to b5 where it will attack the a3 pawn as well as the c3 square.} (27... f6 $2 28. Qg6 $1 $18) (27... f5 28. exf6 Bxf6 29. Ng5 $1 hxg5 30. hxg5 $18) 28. Bd2 Qe2 $5 29. Re1 {Duda was happy that he was able to distract the rook from h1 and bring it to e1.} Qc4 $5 {Duda's idea is to play Qb3 to offer a trade of queens.} (29... Qa6 $1 {This was a better square for the queen, so as to keep the c-file open.}) 30. Re3 {Magnus stops it.} Nb5 31. Rd3 {Defending the d4 pawn.} Rc6 $1 {A well-thought out move. The idea is to open up the d8-b6 diagonal from where the bishop will attack the d4 pawn.} 32. Rb2 Bd8 $1 (32... f5 {is possible, but after} 33. exf6 Bxf6 34. Bf4 $13 {The position is unclear.}) 33. g4 Bb6 34. Be3 Nc3 35. Qf1 Qb5 36. Rc2 Ne4 37. Rxc6 (37. Rc5 $1 {Magnus thought for a bit before executing his move Rxc6, and that's when Duda saw that Rc5 is also possible. Although this move does not change the evaluation of the position - black is still better. However, it does make Black's task quite difficult.} Bxc5 (37... Qa6 38. b5 $18) 38. dxc5 R6c7 39. Nd4 Qc4 40. f3 Nc3 $17) 37... Rxc6 38. Rd1 Rc4 (38... Qxf1+ 39. Kxf1 Rc3 {was the better way to play for Black. However, Duda mentions that he was slightly worried about} 40. Rc1 Rxa3 41. Rc8+ Kh7 $19 {and that White rook could get very active here. Ghosts as they say!}) 39. Nd2 Nxd2 40. Rxd2 Qc6 41. Qe2 $1 {The point of this move is to play g5 when h5 won't be possible.} Rc3 42. Ra2 $2 {This is just too passive.} (42. g5 $1 {Good or bad Magnus had to go for this.} h5 43. Qxh5 $16) 42... Bd8 $1 (42... Qc4 43. Qxc4 Rxc4) 43. g5 hxg5 44. hxg5 Qc4 {The other drawback of Ra2 is that now White cannot go Qg4 as the rook on a2 is hanging.} 45. Qxc4 (45. Qd2 Bb6 $19) 45... dxc4 (45... Rxc4 $19 {With the king coming to g6, this position is lost for White. But when you are playing a game which is of great importance, sometimes you just want to be extra sure that you are winning and hence, your conversion is not the smoothest.}) 46. d5 $5 {interesting practical attempt by the World Champion.} exd5 47. Rd2 Rd3 $2 (47... Rxa3 48. Rxd5 Rd3 $1 {This move was missed by Duda.}) 48. Rxd3 cxd3 49. f4 Kf8 $2 {A crucial loss of tempo.} (49... f6 $1 {One first glance it might not be clear as to white this move is so strong. The main idea is to break the kingside pawn structure for White and also fight for the h8-a1 diagonal.} 50. gxf6 (50. exf6 gxf6 51. gxf6 (51. Kf2 fxg5 52. fxg5 Kg7 53. Ke1 Kg6 54. Kd2 Bxg5 55. Bxg5 Kxg5 56. Kxd3 Kf5 57. Kd4 Ke6 $19) 51... Bxf6 $19) (50. Kf3 fxe5 51. fxe5 Kf7 $19) 50... gxf6 51. e6 f5 $19) (49... d4 $2 50. Bd2 $11) (49... Bb6 $2 50. Kf3 $11) (49... Kh7 {was also winning.} 50. f5 (50. Kf3 Kg6 51. Kg4 b5 52. f5+ Kh7 53. Kf3 Kg8 54. Kf2 Bc7 55. Bf4 f6 $1 $19) 50... g6 $1 51. f6 Bc7 $19) 50. Kf3 $2 {It's difficult to imagine that a move like Kf3 is a mistake, when Kf2 and Kf1 both draw. But the small point here is that the king will not be able to come to d2 quickly to win the d3 pawn from f3, while from f2 or f1 it can quickly move to d2 and win.} (50. Kf2 $1 f6 51. exf6 (51. gxf6 $2 gxf6 52. exf6 Bxf6 $19) 51... gxf6 52. Ke1 $1 fxg5 53. fxg5 Kg7 54. Kd2 Kg6 55. Kxd3 $11 {And you realize that losing an important move with Kg8-f8 leads to Black being unable to win this position.}) (50. Kf1 $1) 50... Ke7 $2 (50... f6 $1 {As White has not made progress to move towards the d2 square, so Black can exploit this with ...f6!} 51. Bc5+ Kf7 52. gxf6 gxf6 53. Ke3 fxe5 54. fxe5 Ke6 55. Kxd3 Kxe5 $19) 51. Bc5+ Ke6 52. Ke3 Kf5 53. Kxd3 $1 {This is where Duda realized that he had botched it up. Because now taking on f4 is impossible because of g6!} g6 (53... Kxf4 $2 54. g6 $1 f5 (54... fxg6 55. e6 $18) 55. e6 Kg5 56. e7 Bxe7 57. Bxe7+ Kxg6 {White should be winning here. But in worst case, he cannot be losing!}) 54. Be3 {The position is now drawn.} Bc7 55. b5 $6 {Magnus is trying to be active, but with this move he exposes his a3 pawn and also gives the black bishop a square on a5.} (55. Bc5 $5 Kxf4 $4 (55... Bb8 $11) 56. Bd6 $1 Bd8 57. e6+ $18) (55. Bd2 $11) 55... Bd8 56. Kd4 Bb6+ 57. Kd3 Bd8 (57... Bxe3 58. Kxe3 d4+ 59. Kxd4 Kxf4 60. Kc5 Kxg5 $1 (60... Kxe5 61. Kb6 $18) 61. Kb6 Kf5 62. Kxb7 g5 63. b6 g4 64. Ka6 g3 65. b7 g2 66. b8=Q g1=Q $11) 58. Kd4 Be7 59. Bc1 Ke6 60. Bb2 Bd8 61. Kc5 Ba5 62. Bc1 $2 {A big lapse by Magnus.} (62. Bd4 $11) 62... Bc3 $1 {Duda finds the winning move. But as he mentions, he hadn't seen the key idea here. He just saw this was the right move and made it.} 63. b6 (63. Kb6 d4 64. Kxb7 d3 65. b6 d2 66. Bxd2 Bxd2 67. Ka7 Bxf4 68. b7 Bxe5 $19 {Black wipes out all the pawns and also stops the pawn on b7 from queening.}) 63... d4 64. Kc4 Kd7 65. Be3 Bb2 $1 (65... Ke6 {also wins but Black needs to be very accurate.} 66. Bxd4 Bd2 $1 (66... Bxd4 67. Kxd4) 67. Kb5 Bxf4 68. Kxa4 Kd5 69. Bb2 Kc4 $19) (65... dxe3 $2 {White wins after this.} 66. Kxc3 Kc6 67. Kd3 Kxb6 68. f5 $1 $18) 66. Bxd4 Bxa3 67. Be3 Bb2 68. Kb4 a3 69. Kb3 Ke6 70. Ka2 Kd5 {The rest is easy. Duda comes in with his king, the pawn on a3 stops the white king from activating itself and the bishop cleans up the remaining pawns.} 71. Kb3 Ke4 72. Bd2 Bd4 73. Kxa3 Bxb6 (73... Be3 $2 {It is never to late to blunder and lose!} 74. Bxe3 Kxe3 75. f5 $18) 74. Kb4 Bf2 {With the bishop coming to g3, Magnus is going to lose all his pawns. He resigned here. Duda won this game and he calls this duel as the most significant game of his career, as with this win he not only moved to the finals of the World Cup 2021, but also qualified for the Candidates 2022.} 0-1